[Event "Hessen-ch Seniors op 05th"]
[Site "Bad Sooden-Allendorf"]
[Date "2009.04.26"]
[Round "2"]
[White "Schwentker, Friedrich"]
[Black "Augustat, Siegfried"]
[Result "1/2-1/2"]
[WhiteElo "1469"]
[BlackElo "1635"]
[PlyCount "53"]
[EventDate "2009.04.25"]
[EventType "swiss"]
[EventRounds "9"]
[EventCountry "GER"]
[SourceTitle "EXT 2022"]
[Source "ChessBase"]
[SourceDate "2021.10.06"]
[SourceVersion "1"]
[SourceVersionDate "2021.10.06"]
[SourceQuality "1"]

1. e4 e5 2. Bc4 Nf6 3. Nc3 Bc5 4. Nf3 Nc6 5. d3 h6 6. a3 a5 7. Be3 Qe7 8. Bxc5 Qxc5 9. Qd2 0-0 10. 0-0 d6 11. Qe3 Qxe3 12. fxe3 Be6 13. Nd5 Bxd5 14. exd5 Ne7 15. e4 Ng4 16. Rae1 f5 17. h3 Nf6 18. Nxe5 fxe4 19. dxe4 Kh7 20. Nf3 Ng6 21. Bd3 Kh8 22. c4 Rae8 23. Nd4 Ne5 24. Re3 Nxd3 25. Rxd3 Rxe4 26. Ne6 Rf7 27. b3 1/2-1/2

[Event "Hessen-ch Seniors op 04th"]
[Site "Bad Sooden-Allendorf"]
[Date "2008.04.30"]
[Round "7"]
[White "Schwentker, Friedrich"]
[Black "Dinius, Helmut"]
[Result "0-1"]
[WhiteElo "1394"]
[BlackElo "1594"]
[PlyCount "82"]
[EventDate "2008.04.24"]
[EventType "swiss"]
[EventRounds "9"]
[EventCountry "GER"]
[SourceTitle "EXT 2022"]
[Source "ChessBase"]
[SourceDate "2021.10.06"]
[SourceVersion "1"]
[SourceVersionDate "2021.10.06"]
[SourceQuality "1"]

1. e4 c5 2. Nf3 Nc6 3. d4 cxd4 4. Nxd4 e6 5. c3 d5 6. exd5 Qxd5 7. Be3 Be7 8. Nd2 Nf6 9. h3 0-0 10. N2f3 a6 11. Be2 Rd8 12. Qc2 h6 13. 0-0 Nxd4 14. Nxd4 Qa5 15. Bf3 Qc7 16. c4 Bc5 17. Rfd1 Bd7 18. a3 e5 19. Ne2 Bxe3 20. fxe3 Bc6 21. Bxc6 Qxc6 22. Nc3 Qxc4 23. Rxd8+ Rxd8 24. Rd1 Rxd1+ 25. Qxd1 Qc7 26. e4 Qb6+ 27. Kf1 g6 28. b4 Kg7 29. Qd3 Qc6 30. Ke2 Nh5 31. Nd5 Qc1 32. Kf3 Qc6 33. Qc3 Qxc3+ 34. Nxc3 Nf4 35. b5 axb5 36. Nxb5 Ne6 37. a4 Nc5 38. Nc3 f5 39. g3 fxe4+ 40. Nxe4 Nxa4 41. Nd6 Nc5 0-1

[Event "Niedersachsen-ch Seniors 41st"]
[Site "Sottrum"]
[Date "2007.03.28"]
[Round "7"]
[White "Montag, Gottfried"]
[Black "Schwentker, Friedrich"]
[Result "1-0"]
[WhiteElo "1562"]
[BlackElo "1391"]
[PlyCount "49"]
[EventDate "2007.03.22"]
[EventType "swiss"]
[EventRounds "9"]
[EventCountry "GER"]
[SourceTitle "EXT 2022"]
[Source "ChessBase"]
[SourceDate "2021.10.06"]
[SourceVersion "1"]
[SourceVersionDate "2021.10.06"]
[SourceQuality "1"]

1. e4 e5 2. Nf3 d6 3. Bc4 Be7 4. Nc3 c6 5. 0-0 Nf6 6. d4 Bg4 7. dxe5 dxe5 8. Qxd8+ Bxd8 9. Nxe5 Bh5 10. f3 Bc7 11. Nd3 Bb6+ 12. Kh1 h6 13. Ne2 Bc7 14. Ndf4 g5 15. Nxh5 Nxh5 16. g4 Nf6 17. Kg2 Be5 18. c3 Nbd7 19. Be3 b6 20. Rad1 Nf8 21. Nd4 Rc8 22. Nxc6 Bb8 23. Bb5 a6 24. Bxa6 Rxc6 25. Bb5 1-0

[Event "Bad Wildungen Seniors op 3rd"]
[Site "Bad Wildungen"]
[Date "2006.08.06"]
[Round "7"]
[White "Berg, Gerd"]
[Black "Schwentker, Friedrich"]
[Result "1/2-1/2"]
[WhiteElo "1424"]
[BlackElo "1454"]
[PlyCount "77"]
[EventDate "2006.07.31"]
[EventType "swiss"]
[EventRounds "9"]
[EventCountry "GER"]
[SourceTitle "EXT 2007"]
[Source "ChessBase"]
[SourceDate "2006.11.23"]
[SourceVersion "1"]
[SourceVersionDate "2006.11.23"]
[SourceQuality "1"]

1. c4 e6 2. Nc3 c5 3. d4 Nf6 4. Nf3 b6 5. Bf4 d6 6. e3 Bb7 7. Be2 Be7 8. 0-0 0-0 9. Qc2 Nh5 10. Bg3 f5 11. dxc5 Nxg3 12. fxg3 bxc5 13. Rad1 Qb6 14. b3 Nc6 15. Na4 Qc7 16. Nc3 a6 17. Qd2 Rad8 18. Bd3 Ne5 19. Nxe5 dxe5 20. Qc2 e4 21. Be2 Bf6 22. Rxd8 Rxd8 23. Rd1 Rd7 24. Rxd7 Qxd7 25. Qd1 Qxd1+ 26. Nxd1 a5 27. g4 g6 28. g3 h6 29. Nf2 Bc6 30. Nh3 g5 31. Kg2 Kg7 32. Kf2 a4 33. Bd1 a3 34. Kg2 Be5 35. Kf2 Kf6 36. Be2 Bd6 37. Bd1 e5 38. gxf5 Kxf5 39. g4+ 1/2-1/2

[Event "Niedersachsen-ch Seniors op 09th"]
[Site "Bad Bevensen"]
[Date "2006.06.27"]
[Round "4"]
[White "Schwentker, Friedrich"]
[Black "Traut, Alexander"]
[Result "0-1"]
[WhiteElo "1470"]
[BlackElo "1373"]
[PlyCount "82"]
[EventDate "2006.06.24"]
[EventType "swiss"]
[EventRounds "9"]
[EventCountry "GER"]
[SourceTitle "EXT 2022"]
[Source "ChessBase"]
[SourceDate "2021.10.06"]
[SourceVersion "1"]
[SourceVersionDate "2021.10.06"]
[SourceQuality "1"]

1. e4 e5 2. Bc4 Nf6 3. d3 a6 4. a3 Be7 5. Nf3 d6 6. 0-0 Bg4 7. Nbd2 h6 8. c3 b5 9. Ba2 Nbd7 10. b4 0-0 11. Bb2 Nh5 12. h3 Bxf3 13. Nxf3 Nf4 14. Bc1 Ng6 15. Be3 Nh8 16. Bd5 Rb8 17. Ba7 Ng6 18. Bc6 Nb6 19. Bxb8 Qxb8 20. Rb1 f5 21. exf5 Nf4 22. d4 Rxf5 23. dxe5 dxe5 24. Re1 Nc4 25. Qd7 Qf8 26. Qe8 Bd6 27. Qxf8+ Rxf8 28. Bb7 Rf6 29. Kh2 Nd3 30. Re2 e4+ 31. Kg1 exf3 32. Re8+ Bf8 33. Bxf3 Nd2 34. Rd1 Nxf3+ 35. gxf3 Nf4 36. Kf1 Nxh3 37. Rc8 Kh7 38. Rxc7 Rxf3 39. Rd2 Rf6 40. Ke2 Nxf2 41. Ke1 Bd6 0-1

[Event "Niedersachsen-ch Seniors op 09th"]
[Site "Bad Bevensen"]
[Date "2006.06.26"]
[Round "3"]
[White "Polifka, Wilfried"]
[Black "Schwentker, Friedrich"]
[Result "1-0"]
[WhiteElo "1531"]
[BlackElo "1470"]
[PlyCount "109"]
[EventDate "2006.06.24"]
[EventType "swiss"]
[EventRounds "9"]
[EventCountry "GER"]
[SourceTitle "EXT 2022"]
[Source "ChessBase"]
[SourceDate "2021.10.06"]
[SourceVersion "1"]
[SourceVersionDate "2021.10.06"]
[SourceQuality "1"]

1. f4 f5 2. Nf3 Nf6 3. e3 b6 4. Bc4 Bb7 5. Ng5 d5 6. Bb3 Qd7 7. a4 e6 8. 0-0 Be7 9. d4 Na6 10. Nd2 0-0 11. Ndf3 Bd6 12. Ne5 Bxe5 13. fxe5 Ne4 14. Nh3 c5 15. c3 c4 16. Bc2 Nc7 17. Nf4 a6 18. Rf3 g5 19. Nh5 Ne8 20. Bxe4 dxe4 21. Rg3 h6 22. h4 g4 23. b3 Bd5 24. b4 Qf7 25. Nf4 Kh7 26. Kf2 h5 27. Bb2 Qe7 28. Qh1 Kh6 29. Qh2 Rf7 30. Ba3 Qd7 31. Bb2 Qc8 32. Qh1 Rfa7 33. Qf1 Qd8 34. Qh1 Nc7 35. Ba3 Qe8 36. Qd1 a5 37. b5 Nxb5 38. axb5 Qxb5 39. Ne2 Qc6 40. Kg1 Rb7 41. Qf1 b5 42. Qf4+ Kh7 43. Bd6 Qe8 44. Qg5 Qg6 45. Qf4 Qg8 46. Qf1 b4 47. cxb4 axb4 48. Rxa8 Qxa8 49. Nf4 Qe8 50. Nxd5 exd5 51. Qxf5+ Qg6 52. Qc8 Qf7 53. e6 Qg7 54. Be5 Qe7 55. Qh8+ 1-0

[Event "NRW-ch Seniors 17th"]
[Site "Hattingen"]
[Date "2006.05.18"]
[Round "9"]
[White "Schwentker, Friedrich"]
[Black "Luebke, Hans Joachim"]
[Result "1-0"]
[WhiteElo "1444"]
[BlackElo "1361"]
[PlyCount "91"]
[EventDate "2006.05.08"]
[EventType "swiss"]
[EventRounds "9"]
[EventCountry "GER"]
[SourceTitle "EXT 2007"]
[Source "ChessBase"]
[SourceDate "2006.11.23"]
[SourceVersion "1"]
[SourceVersionDate "2006.11.23"]
[SourceQuality "1"]

1. e4 Nf6 2. Nc3 d5 3. exd5 Nxd5 4. Nxd5 Qxd5 5. Qf3 Qc6 6. c3 Qxf3 7. Nxf3 Nc6 8. d4 e6 9. Bd3 f6 10. 0-0 Bd6 11. Re1 Kf7 12. Bd2 Bd7 13. a3 a6 14. c4 Rae8 15. c5 Bf8 16. b4 Nd8 17. Bc3 c6 18. Nd2 g6 19. f4 Bg7 20. Nf3 Rhf8 21. a4 Kg8 22. a5 Rf7 23. g3 Rfe7 24. Kf2 Kh8 25. Re2 Nf7 26. Rae1 Nd8 27. Nh4 f5 28. Nf3 h6 29. h4 Bf6 30. Ne5 Bxe5 31. dxe5 h5 32. Bc4 Bc8 33. Rd2 Rd7 34. Red1 Rxd2+ 35. Rxd2 Nf7 36. Ke3 Rd8 37. Rd6 Nxd6 38. exd6+ Kh7 39. Bf6 Rf8 40. Be7 Rf7 41. Kd4 Kg7 42. Ke5 Rxe7 43. dxe7 Kf7 44. e8Q+ Kxe8 45. Bxe6 Bxe6 46. Kxe6 1-0

[Event "Bad Sooden-Allendorf Seniors op 16th"]
[Site "Bad Sooden-Allendorf"]
[Date "2004.04.25"]
[Round "4"]
[White "Schwentker, Friedrich"]
[Black "Ahlberg, Guenter"]
[Result "0-1"]
[WhiteElo "1589"]
[BlackElo "2149"]
[PlyCount "116"]
[EventDate "2004.04.22"]
[EventType "swiss"]
[EventRounds "9"]
[EventCountry "GER"]
[SourceTitle "EXT 2006"]
[Source "ChessBase"]
[SourceDate "2005.11.24"]
[SourceVersion "1"]
[SourceVersionDate "2005.11.24"]
[SourceQuality "1"]

1. e4 c6 2. d4 d5 3. e5 Bf5 4. Bd3 Bxd3 5. Qxd3 e6 6. Nf3 Qa5+ 7. Bd2 Qb5 8. Qb3 Qxb3 9. axb3 c5 10. c3 Nc6 11. Be3 cxd4 12. cxd4 Nge7 13. Nh4 g5 14. Nf3 h6 15. 0-0 Nb4 16. Na3 Nec6 17. Rfd1 Be7 18. Nb5 Kd7 19. Ne1 a6 20. Nc3 Raf8 21. h3 h5 22. g3 Bd8 23. Na4 Be7 24. Nc3 f6 25. exf6 Bxf6 26. Rd2 Rhg8 27. Ne2 Bd8 28. Nc2 Bb6 29. Nxb4 Nxb4 30. Rc1 Nc6 31. Nc3 Ba7 32. Ra1 Bb8 33. Na4 Bd6 34. Nc3 Bb4 35. Rd3 Ne7 36. Ra4 Bd6 37. Ra1 Rc8 38. Na4 Rc6 39. Rc3 Bb4 40. Rcc1 g4 41. h4 Rgc8 42. Rxc6 Rxc6 43. Rc1 Nf5 44. Rxc6 Kxc6 45. Nc3 Bxc3 46. bxc3 a5 47. Kf1 Nd6 48. Ke2 Ne4 49. Kd3 b5 50. Kc2 Nd6 51. Bd2 a4 52. b4 Ne4 53. Be1 Kd6 54. Kd3 Ke7 55. c4 bxc4+ 56. Kc2 Kd7 57. Kb2 Kc6 58. Ka3 Kb5 0-1

[Event "Bad Sooden-Allendorf Seniors op 16th"]
[Site "Bad Sooden-Allendorf"]
[Date "2004.04.22"]
[Round "1"]
[White "Schwentker, Friedrich"]
[Black "Gudat, Alfons"]
[Result "0-1"]
[WhiteElo "1589"]
[BlackElo "2071"]
[PlyCount "54"]
[EventDate "2004.04.22"]
[EventType "swiss"]
[EventRounds "9"]
[EventCountry "GER"]
[SourceTitle "EXT 2006"]
[Source "ChessBase"]
[SourceDate "2005.11.24"]
[SourceVersion "1"]
[SourceVersionDate "2005.11.24"]
[SourceQuality "1"]

1. e4 c5 2. Nf3 Nc6 3. d4 cxd4 4. Nxd4 Nf6 5. Nc3 e5 6. Nf3 Bb4 7. Bd3 d5 8. exd5 Nxd5 9. Bd2 Bxc3 10. bxc3 Bg4 11. 0-0 0-0 12. Be2 Bf5 13. Rb1 b6 14. c4 Nde7 15. Rb2 e4 16. Ne1 Qd4 17. c3 Qf6 18. Qc1 Rac8 19. Nc2 Qg6 20. Re1 Ne5 21. Nd4 Bh3 22. g3 Rfd8 23. Rb4 N7c6 24. Nxc6 Rxc6 25. Be3 Bg4 26. Bd4 Bxe2 27. Rxe2 Nd3 0-1

[Event "Rhoen Seniors-B 4th"]
[Site "Bad Bocklet"]
[Date "2003.11.07"]
[Round "2"]
[White "Leutz, Hans"]
[Black "Schwentker, Friedrich"]
[Result "1-0"]
[WhiteElo "1743"]
[BlackElo "1589"]
[PlyCount "115"]
[EventDate "2003.11.??"]
[EventType "swiss"]
[EventRounds "9"]
[EventCountry "GER"]
[SourceTitle "EXT 2006"]
[Source "ChessBase"]
[SourceDate "2005.11.24"]
[SourceVersion "1"]
[SourceVersionDate "2005.11.24"]
[SourceQuality "1"]

1. d4 Nf6 2. Nf3 d5 3. e3 e6 4. Bd3 g6 5. Nbd2 Bg7 6. 0-0 0-0 7. c3 b6 8. e4 dxe4 9. Nxe4 Bb7 10. Qe2 Nxe4 11. Bxe4 Bxe4 12. Qxe4 Qd5 13. Qh4 Nd7 14. Re1 Rfe8 15. Bh6 Nf8 16. Bxg7 Kxg7 17. Re5 Qd8 18. Qg3 Nd7 19. Re2 Nf6 20. Ne5 Qd6 21. Qf3 Qd5 22. Qf4 Re7 23. g4 Nd7 24. g5 Qd6 25. Qf3 Qd5 26. Qf4 Qd6 27. Qh4 f5 28. Rae1 b5 29. Qh6+ Kg8 30. Qh3 c6 31. Nd3 Rae8 32. Qf3 Qd5 33. Qxd5 cxd5 34. Nb4 Nb6 35. Nc6 Rc7 36. Rxe6 Rxe6 37. Rxe6 Kf7 38. Rf6+ Ke8 39. Ne5 Ke7 40. Kf1 Na4 41. Nd3 Nb6 42. Nf4 Ke8 43. Re6+ Kd7 44. Re5 Kd6 45. Ke2 Rd7 46. b3 Kc6 47. Kd3 Nc8 48. h4 Nb6 49. h5 Rd6 50. hxg6 hxg6 51. Re7 Nd7 52. Rg7 Nf8 53. Rxa7 Ne6 54. Nxe6 Rxe6 55. Ra6+ Kd7 56. Rxe6 Kxe6 57. f4 Kd6 58. a4 1-0

[Event "Rhoen Seniors-B 4th"]
[Site "Bad Bocklet"]
[Date "2003.11.06"]
[Round "1"]
[White "Schwentker, Friedrich"]
[Black "Fritsch, Wolfgang"]
[Result "1/2-1/2"]
[WhiteElo "1589"]
[BlackElo "1729"]
[PlyCount "101"]
[EventDate "2003.11.??"]
[EventType "swiss"]
[EventRounds "9"]
[EventCountry "GER"]
[SourceTitle "EXT 2006"]
[Source "ChessBase"]
[SourceDate "2005.11.24"]
[SourceVersion "1"]
[SourceVersionDate "2005.11.24"]
[SourceQuality "1"]

1. e4 e5 2. Nf3 Nf6 3. d3 Nc6 4. Nbd2 d5 5. exd5 Qxd5 6. Nb3 Bf5 7. Bd2 a5 8. a4 Bb4 9. Be2 e4 10. dxe4 Qxe4 11. c3 Bd6 12. 0-0 0-0 13. Nbd4 Nxd4 14. Nxd4 Qe5 15. g3 Be4 16. Bf3 Bxf3 17. Qxf3 Qe4 18. Rfe1 Qxf3 19. Nxf3 Rfe8 20. Nd4 Bc5 21. Rxe8+ Rxe8 22. Re1 Rxe1+ 23. Bxe1 Ng4 24. Nb3 Bb6 25. c4 Ne5 26. c5 Ba7 27. Bxa5 Bxc5 28. Nxc5 b6 29. Bxb6 cxb6 30. Ne4 Nc4 31. b3 Na5 32. Nd2 Kf8 33. f4 Ke7 34. Kf2 Ke6 35. Kf3 Kd5 36. Ke3 f5 37. Kd3 Kc5 38. Kc3 Nc6 39. Nf3 Nb4 40. Ne5 Nd5+ 41. Kb2 Kb4 42. Nd7 b5 43. axb5 Kxb5 44. Nf8 Ne3 45. Kc3 Nf1 46. Kd4 Nxh2 47. Ke5 Nf1 48. Kxf5 Nxg3+ 49. Kg4 Ne2 50. f5 Nd4 51. Nxh7 1/2-1/2

[Event "NRW-ch op Seniors 14th"]
[Site "Beverungen"]
[Date "2003.06.21"]
[Round "8.19"]
[White "Schwentker, Friedrich"]
[Black "Axnich, Hellmuth"]
[Result "1-0"]
[WhiteElo "1594"]
[BlackElo "1364"]
[PlyCount "75"]
[EventDate "2003.06.14"]
[EventType "swiss"]
[EventRounds "9"]
[EventCountry "GER"]
[SourceTitle "EXT 2004"]
[Source "ChessBase"]
[SourceDate "2003.11.25"]
[SourceVersion "1"]
[SourceVersionDate "2003.11.25"]
[SourceQuality "1"]

1. e4 c5 2. Nf3 e6 3. d4 cxd4 4. Nxd4 Bc5 5. Nb3 Be7 6. c4 d6 7. Be3 b6 8. f3 Bb7 9. Nc3 Bh4+ 10. g3 Be7 11. Bg2 Na6 12. Bd4 e5 13. Be3 Nc5 14. Nd5 Bxd5 15. cxd5 h6 16. 0-0 Nf6 17. Rc1 0-0 18. Rf2 Nfd7 19. Na1 Bg5 20. Re2 Bxe3+ 21. Rxe3 a5 22. Bf1 Qg5 23. Rec3 h5 24. R3c2 f5 25. Qd2 Qxd2 26. Rxd2 fxe4 27. fxe4 Nxe4 28. Re2 Ndc5 29. Nc2 Rf6 30. Ne3 Raf8 31. Bh3 Nd3 32. Rc7 Ndc5 33. Nc4 Nf2 34. Bg2 h4 35. Nxb6 h3 36. Bf1 Nce4 37. Nd7 R6f7 38. Nxf8 1-0